80 Movies from the 1980s Quiz Stats

 Plays Quiz Updated Nov 20, 2014

Challenge
Share
Tweet
Embed
Score 0/80 Timer 09:00
1 Play Today
% Correct
Future
96%
Extra
95.8%
Beverly
95.8%
Dirty
95.8%
Hard
95.7%
Nightmare
95.6%
Friday
95.4%
Raiders
95%
Empire
94.8%
Ferris
94.8%
Poets
94.8%
Dundee
94.7%
Karate
94.5%
5
94.4%
Metal
94.4%
Fatal
94.3%
Daisy
94%
Blues
93.9%
Endearment
93.4%
Blade
92.8%
Purple
92.7%
Breakfast
92.6%
Stand
92.5%
Risky
92.1%
Wanda
91.8%
sex
91.8%
Raging
91%
Officer
90.7%
Ridgemont
90.7%
Academy
89.9%
Werewolf
89.9%
Vacation
89.3%
Left
88.6%
Spinal
88.6%
According
88.5%
Choice
88.3%
Daughter
87.4%
Chariots
87.3%
Big
87.3%
Rain
87.2%
% Correct
Gotta
87.2%
Romancing
86%
Susan
84.6%
Right
84%
Africa
82.7%
Money
81.6%
Durham
81.6%
Passage
81.3%
Me
80.3%
Gigolo
80.3%
Lesser
79.9%
Christmas
79%
Golden
78.5%
Fields
78.2%
Gods
76.9%
Ordinary
76%
Evil
75.3%
Hannah
75.3%
Velvet
73.2%
Chill
73.1%
Broadcast
73%
Rose
72.6%
Nancy
72.2%
Eight
72.2%
Jagged
71.9%
Repo
71.7%
Body
70.8%
Spider
70.6%
Zone
69.7%
Rita
66.7%
Altered
65.8%
Dog
61.8%
Something
61.3%
Tender
58%
Local
56.7%
Henry
50.7%
Simple
42.5%
Morant
39.8%
Betty
38.7%
Laundrette
36.8%

You're not logged in!

Compare scores with friends on all Sporcle quizzes.
OR
Log In

You Might Also Like...

Show Comments

Extras

Top Quizzes Today


Score Distribution

Your Account Isn't Verified!

In order to create a playlist on Sporcle, you need to verify the email address you used during registration. Go to your Sporcle Settings to finish the process.

Report this User

Report this user for behavior that violates our Community Guidelines.

Details: